Statistics for Israel wars / מלחמות ישראל

Click here to take the quiz!

General Stats

  • This quiz has been taken 235 times
  • The average score is 5 of 7

Answer Stats

year / שנהwar / מלחמהkilled / חללים% Correct
1967Six-Day War / מלחמת ששת הימים779
94%
1973Yom Kippur War / מלחמת יום כיפור2,656
93%
1947War of independence / מלחמת העצמאות6,373
81%
20062006 Lebanon War / מלחמת לבנון השנייה121
59%
19821982 Lebanon War / מלחמת לבנון הראשונה-מבצע שלום הגליל675
58%
1969War of Attrition / מלחמת ההתשה721
47%
1956Suez Crisis / מבצע קדש-מלחמת סיני231
45%

Score Distribution

Percentile by Number Answered

Percent of People with Each Score

Your Score History

You have not taken this quiz